Transmission impossible, transmission d’un impossible (notice n° 1645803)
[ vue normale ]
| 000 -LEADER | |
|---|---|
| fixed length control field | 01925cam a2200265 4500500 |
| 005 - DATE AND TIME OF LATEST TRANSACTION | |
| control field | 20260208002208.0 |
| 041 ## - LANGUAGE CODE | |
| Language code of text/sound track or separate title | fre |
| 042 ## - AUTHENTICATION CODE | |
| Authentication code | dc |
| 100 10 - MAIN ENTRY--PERSONAL NAME | |
| Personal name | Sauret, Marie-Jean |
| Relator term | author |
| 245 00 - TITLE STATEMENT | |
| Title | Transmission impossible, transmission d’un impossible |
| 260 ## - PUBLICATION, DISTRIBUTION, ETC. | |
| Date of publication, distribution, etc. | 2016.<br/> |
| 500 ## - GENERAL NOTE | |
| General note | 74 |
| 520 ## - SUMMARY, ETC. | |
| Summary, etc. | On n’est pas humain parce que seulement enfant d’humain, mais parce que chacun refait le pas que l’humanité a effectué pour subvertir son animalité. Le processus d’humanisation implique que chaque humain préserve ce qu’il est d’indéterminé de façon à ce qu’il puisse jouer de sa capacité de création dans la construction du « vivre ensemble ». Pour ce faire, est requise la « fonction paternelle » qui permet à chacun qui y consent de s’inscrire dans une généalogie. Il est impossible à la génération qui transmet les conditions d’exercice de cette fonction de contraindre la génération suivante à l’adopter. La transmission est contingente, singulière. La « modernité » a contrarié ce processus. En réponse s’est inventée la psychanalyse qui maintient à la disposition du sujet encombré les éléments nécessaires à son inscription humaine. Comment se transmettra-t-elle elle-même si elle redouble l’indétermination du sujet ? D’autant que la postmodernité, non contente de s’en prendre à la solution généalogique et, partant, à la névrose, semble chercher à disqualifier la psychanalyse elle-même. |
| 690 ## - LOCAL SUBJECT ADDED ENTRY--TOPICAL TERM (OCLC, RLIN) | |
| Topical term or geographic name as entry element | castration |
| 690 ## - LOCAL SUBJECT ADDED ENTRY--TOPICAL TERM (OCLC, RLIN) | |
| Topical term or geographic name as entry element | désir de l’analyste |
| 690 ## - LOCAL SUBJECT ADDED ENTRY--TOPICAL TERM (OCLC, RLIN) | |
| Topical term or geographic name as entry element | fonction paternelle |
| 690 ## - LOCAL SUBJECT ADDED ENTRY--TOPICAL TERM (OCLC, RLIN) | |
| Topical term or geographic name as entry element | généalogie |
| 690 ## - LOCAL SUBJECT ADDED ENTRY--TOPICAL TERM (OCLC, RLIN) | |
| Topical term or geographic name as entry element | impossible |
| 690 ## - LOCAL SUBJECT ADDED ENTRY--TOPICAL TERM (OCLC, RLIN) | |
| Topical term or geographic name as entry element | lien social |
| 690 ## - LOCAL SUBJECT ADDED ENTRY--TOPICAL TERM (OCLC, RLIN) | |
| Topical term or geographic name as entry element | Œdipe |
| 690 ## - LOCAL SUBJECT ADDED ENTRY--TOPICAL TERM (OCLC, RLIN) | |
| Topical term or geographic name as entry element | réel |
| 700 10 - ADDED ENTRY--PERSONAL NAME | |
| Personal name | Portuese, Marina |
| Relator term | author |
| 786 0# - DATA SOURCE ENTRY | |
| Note | Empan | 101 | 1 | 2016-03-18 | p. 102-107 | 1152-3336 |
| 856 41 - ELECTRONIC LOCATION AND ACCESS | |
| Uniform Resource Identifier | <a href="https://shs.cairn.info/revue-empan-2016-1-page-102?lang=fr&redirect-ssocas=7080">https://shs.cairn.info/revue-empan-2016-1-page-102?lang=fr&redirect-ssocas=7080</a> |
Pas d'exemplaire disponible.




Réseaux sociaux